000 00484nam a2200181Ia 4500
005 20250423095237.0
008 250422s9999 xx 000 0 und d
020 _a9780367223670
050 _aNA 2543 .D66/
100 _aDonald, Ian
245 0 _aEnvironmental and Architectural Psychology
260 _aOxon
260 _bRoutledge
260 _c2022
300 _a248 p
650 _a Architecture--Environmental aspects. Architecture--Psychological aspects.
942 _cBK
999 _c29681
_d29681